000 00303nam a22001097a 4500
008 160423b xxu||||| |||| 00| 0 eng d
020 _a9780323079334
041 _aeng
080 _a618.2
245 _aFundamentals of nursing:
_cPatrica A.Potter; Anne Griffin Perry; Patricia A. Stocker;
942 _2udc
_cBK
999 _c1535
_d1535